000 00365nam a2200145Ia 4500
008 230917s9999||||xx |||||||||||||| ||und||
040 _e186312
_aMAIN
041 _aEnglish
082 _a005.133 L925M
100 _aLoudon, Kyle
245 0 _aMastering algorithms with C
260 _aNew Delhi
_bShroff Publishers
_c2010
300 _axvii, 540 p.
942 _cBK
999 _c161990
_d161990